00516 2200205 4500001002100000005001500021035002000036007000300056008004100059020001800100082001000118084001600128100001200144245004700156250001000203260003600213300003900249650001400288990000800302INLIS00000000000246820181206113039 a0010-1218000027ta181206 g 0 ind  a979-666-136-5 a304.2 a304.2 SUN m0 aSUNARDI1 aMelestarikan Alam dan Kehidupan /cSUNARDI acet.1 ajakarta :bBalai Pustaka,c1997 avii, 68 hlm :b.ilus ;c15 x 21 cm aTEKNOLOGI a929